Statistics for 1908 Summer Olympics Sports Quiz

Click here to take the quiz!

General Stats

  • This quiz has been taken 10 times
    (8 since last reset)
  • The average score is 13 of 25

Answer Stats

Answer% Correct
Swimming
100%
Archery
88%
Athletics
88%
Boxing
88%
Cycling
75%
Fencing
75%
Freestyle Wrestling
75%
Greco-Roman Wrestling
75%
Tennis
75%
Diving
63%
Football (Soccer)
63%
Gymnastics
63%
Rowing
50%
Sailing
50%
Shooting
50%
Figure Skating
38%
Polo
38%
Tug of War
38%
Field Hockey
25%
Water Polo
25%
Lacrosse
13%
Rugby
13%
Jeu de Paume
0%
Rackets
0%
Water Motorsports
0%

Score Distribution

Percentile by Number Answered

Percent of People with Each Score

Your Score History

You have not taken this quiz since the last reset